| 000 | 01442cab a2200241 4500 | ||
|---|---|---|---|
| 001 | ABS53781 | ||
| 008 | 090401t1995 xxu||||| |||| 00| 0 eng d | ||
| 035 | _a(Sirsi) u6570 | ||
| 041 | _aeng | ||
| 245 | _aElliott and others v Safeway Stores plc and others | ||
| 260 | _c1995 | ||
| 350 | _a0 | ||
| 490 |
_aWeekly Law Reports _v(1995) 35 WLR 1396-1404(9) |
||
| 520 | _aChD 14 June 1995. In 1957 the plaintiffs (E) sold land to a local authority, with a restrictive covenant that there would be no use for business comprising the sale or purchase of fuel and lubricants for mechanically propelled vehicles. In 1965 the land was sold to a company which subsequently sold off a portion to owners of adjoining land. This was then sold (excluding the portion of subject land) to the defendants (S) for a food and household supermarket development. In 1995 S sought to purchase the portion of subject land for access to a proposed petrol filling station to be built on the land that they owned. E declared that this would breach the restrictive covenant. Held, refusing the declaration; the land acting as access to facilitate the fuel selling business did not breach the covenant. | ||
| 650 | _aACCESS | ||
| 650 | _aBURDENED LAND | ||
| 650 | _aELLIOTT AND OTHERS V SAFEWAY STORES PLC AND OTHERS | ||
| 650 | _aPETROL FILLING STATIONS | ||
| 650 | _aRESTRICTIVE COVENANTS | ||
| 690 | _aLAND-CASE LAW | ||
| 942 | _n0 | ||
| 948 | _c04/03/1997 | ||
| 999 |
_c3929 _d3929 |
||